00446nmm a2200157Ia 4500008004100000020001800041041000800059100003200067245001200099264005500111300001800166650002900184856005100213942000700264999001700271251105s9999||||xx |||||||||||||||||und|| a9789560101860 aspa aValdés Pascal, Cristián 0aMujeres a[Santiago de Chile, Chile] :bRil editores, c2015 a180 páginas aGender and Women Studies uhttps://public.digitaliapublishing.com/a/39369 cCF c93692d93692